From Seed to Towering Tree : (Record no. 169397)
[ view plain ]
| 000 -LEADER | |
|---|---|
| fixed length control field | 01115nam a22003017i 4500 |
| 005 - DATE AND TIME OF LATEST TRANSACTION | |
| control field | 20180827155814.0 |
| 008 - FIXED-LENGTH DATA ELEMENTS--GENERAL INFORMATION | |
| fixed length control field | 180827t20172017my o|||e |||| 00| 0 eng d |
| 020 ## - INTERNATIONAL STANDARD BOOK NUMBER | |
| International Standard Book Number | 9789673447633 |
| Terms of availability | RM148.00 |
| Qualifying information | hardback |
| 040 ## - CATALOGING SOURCE | |
| Original cataloging agency | PPAK |
| Language of cataloging | eng |
| Transcribing agency | PPAK |
| Modifying agency | PPAK |
| Description conventions | rda |
| 082 04 - DEWEY DECIMAL CLASSIFICATION NUMBER | |
| Edition number | 23 |
| Classification number | 378.595 |
| 090 00 - LOCALLY ASSIGNED LC-TYPE CALL NUMBER (OCLC); LOCAL CALL NUMBER (RLIN) | |
| Classification number (OCLC) (R) ; Classification number, CALL (RLIN) (NR) | 378.595 |
| Feature heading | ABD |
| Feature heading | R |
| 100 0# - MAIN ENTRY--PERSONAL NAME | |
| Relator code | author. |
| Personal name | Abdul Rahman Md Aroff, |
| 245 10 - TITLE STATEMENT | |
| Title | From Seed to Towering Tree : |
| Remainder of title | The UPM Journey / |
| Statement of responsibility, etc. | Abdul Rahman Md Aroff, Shamshuddin Jusop, Zulkifli Hj. Shamsuddin |
| 264 #1 - PRODUCTION, PUBLICATION, DISTRIBUTION, MANUFACTURE, AND COPYRIGHT NOTICE | |
| Place of production, publication, distribution, manufacture | Serdang, Selangor : |
| Name of producer, publisher, distributor, manufacturer | Universiti Putra Malaysia Press, |
| Date of production, publication, distribution, manufacture, or copyright notice | 2017 |
| Date of production, publication, distribution, manufacture, or copyright notice | ©2017 |
| 300 ## - PHYSICAL DESCRIPTION | |
| Extent | xiii, 181 pages : |
| Other physical details | colour photographs ; |
| Dimensions | 26 cm |
| 336 ## - CONTENT TYPE | |
| Source | rdacontent |
| Content type term | text |
| 337 ## - MEDIA TYPE | |
| Source | rdamedia |
| Media type term | unmediated |
| 338 ## - CARRIER TYPE | |
| Source | rdacarrier |
| Carrier type term | volume |
| 500 ## - GENERAL NOTE | |
| General note | Includes index |
| 504 ## - BIBLIOGRAPHY, ETC. NOTE | |
| Linkage | Bibliography : page [175] |
| 610 2# - SUBJECT ADDED ENTRY--CORPORATE NAME | |
| Corporate name or jurisdiction name as entry element | Universiti Putra Malaysia |
| 650 10 - SUBJECT ADDED ENTRY--TOPICAL TERM | |
| Topical term or geographic name entry element | Universities and colleges |
| General subdivision | History |
| Geographic subdivision | Malaysia |
| Topical term or geographic name entry element | Universities and colleges |
| General subdivision | Agricultural colleges |
| Geographic subdivision | Malaysia |
| 700 0# - ADDED ENTRY--PERSONAL NAME | |
| Personal name | Shamshuddin Jusop, |
| Relator term | author. |
| Personal name | Zulkifli Hj. Shamsuddin, |
| Relator term | author. |
| 942 ## - ADDED ENTRY ELEMENTS (KOHA) | |
| Source of classification or shelving scheme | Dewey Decimal Classification |
| Koha item type | Book |
| Withdrawn | Not for loan | Current library | Shelving location | Date acquired | Full call number | Barcode | Date last seen | Koha item type |
|---|---|---|---|---|---|---|---|---|
| Not For Loan | Perpustakaan Alor Setar | Rujukan Dewasa | 25/09/2018 | R 378.595 ABD | A01578555 | 25/09/2018 | Book | |
| Not For Loan | Perpustakaan Awam Sungai Petani | Rujukan Dewasa | 26/11/2018 | R 378.595 ABD | A01578556 | 25/09/2018 | Book | |
| Not For Loan | Perpustakaan Baling | Rujukan Dewasa | 25/09/2018 | R 378.595 ABD | A01578559 | 25/09/2018 | Book | |
| Not For Loan | Perpustakaan Kulim | Rujukan Dewasa | 25/09/2018 | R 378.595 ABD | A01578558 | 25/09/2018 | Book | |
| Not For Loan | Perpustakaan Langkawi | Rujukan Dewasa | 25/09/2018 | R 378.595 ABD | A01578557 | 25/09/2018 | Book |